000 005330000a22002170004500
005 20120302061421.0
942 _cBOOK
100 _a N.A.
245 _a Writing Through understanding
300 _a10,230p.
040 _aENG
365 _bRs.
650 _aLanguage
650 _aEnglish Language
650 _aDiscovery Process
650 _aDiscovering Differences-Speaking & Writing
650 _aDirect-Indirect Address
650 _aFactual Account
650 _aRelationship-Writing
650 _aTypes-Summarize
999 _c353909
_d353906